| 000 | 00519nam a2200181Ia 4500 | ||
|---|---|---|---|
| 003 | GCL | ||
| 008 | 140319s9999 xx 000 0 eng d | ||
| 040 |
_aGCL / _cGCL |
||
| 082 | 0 | 4 |
_a595.3844 _bI H |
| 100 | 1 | _aINGLE, RAY | |
| 245 | 1 | 0 |
_aHERMIT CRABS OF THE NORTH EAST ATLANTIC OCEAN AND MEDITERRANEAN SEA: AN ILLUSTRATED KEY / _cINGLE, RAY |
| 260 |
_a[S.N] : _bCHAPMAN & HALL ، _c1993 |
||
| 300 | _a495 P | ||
| 650 | 0 | 4 | _aMEDITERRANEAN SEA |
| 650 | 0 | 4 | _aHERNIT CRABS |
| 650 | 0 | 4 | _aATLANTIC OCEAN |
| 942 |
_2ddc _cBK |
||
| 999 |
_c23732 _d23732 |
||